| 000 -ლიდერი |
| ფიქსირებული სიგრძის საკონტროლო ველი |
01255nam a22001937a 4500 |
| 003 - საკონტროლო ნომრის იდენტიფიკატორი |
| საკონტროლო ველი |
Ge_BSU |
| 005 - ბოლო ოპერაციის თარიღი და დრო |
| საკონტროლო ველი |
20260212173702.0 |
| 008 - ფიქსირებული სიგრძის მონაცემთა ელემენტები - ზოგადი ინფორმაცია |
| ფიქსირებული სიგრძის საკონტროლო ველი |
260212s1975 ge ||||| |||| 00| 0 geo d |
| 041 ## - ენის კოდი |
| Language code of text/sound track or separate title |
geo |
| 080 ## - უნივერსალური ათობითი კლასიფიკაციის ინდექსი |
| Universal Decimal Classification number |
330.1(076.1) კ-23 |
| 245 ## - ცნობა სათაურის შესახებ |
| Title |
პოლიტიკური ეკონომიის ამოცანებისა და სავარჯიშოების კრებული : |
| Remainder of title |
კაპიტალისტური წარმოების წესი. დამხმ. სახელმძღვ. პოლიტეკონომიაში / |
| Statement of responsibility, etc |
მთარგმ.:გ. სალიაშვილი; ქართ. თარგმ. და რედ.:გ. ჭანუყვაძე. |
| 264 ## - წარმოების, გამოცემის, დისტრიბუციის და სხვა ცნობები |
| გამოცემის, წარმოების, დისტრიბუციის... ადგილი |
თბილისი : |
| გამოცემის, წარმოების, დისტრიბუციის... სახელწოდება |
თბილ. უნ-ტის გამ-ბა, |
| გამოცემის, წარმოების, დისტრიბუციის... თარიღი |
1975. |
| 300 ## - ფიზიკური აღწერა |
| Extent |
178 გვ. ; |
| Other physical details |
21 სმ. |
| 653 ## - INDEX TERM--UNCONTROLLED |
| Uncontrolled term |
პოლიტიკური ეკონომია |
| 653 ## - INDEX TERM--UNCONTROLLED |
| Uncontrolled term |
სავარჯიშოების კრებულები |
| 700 ## - ADDED ENTRY--PERSONAL NAME |
| Personal name |
სალიაშვილი, გ. |
| Relator term |
მთარგმნელი |
| 9 (RLIN) |
1216 |
| 700 ## - ADDED ENTRY--PERSONAL NAME |
| Personal name |
ჭანუყვაძე, გ. |
| Relator term |
მთარგმნელი, რედაქტორი |
| 9 (RLIN) |
26110 |
| 942 ## - ADDED ENTRY ELEMENTS (KOHA) |
| Source of classification or shelving scheme |
|
| Koha item type |
წიგნი |